L'analyse des textes dramatiques : de Sarraute à Pommerat (notice n° 1567292)

détails MARC
000 -LEADER
fixed length control field 01205cam a2200133 4500500
005 - DATE AND TIME OF LATEST TRANSACTION
control field 20251214002642.0
041 ## - LANGUAGE CODE
Language code of text/sound track or separate title fre
042 ## - AUTHENTICATION CODE
Authentication code dc
100 10 - MAIN ENTRY--PERSONAL NAME
Personal name Pavis, Patrice
Relator term author
245 00 - TITLE STATEMENT
Title L'analyse des textes dramatiques : de Sarraute à Pommerat
260 ## - PUBLICATION, DISTRIBUTION, ETC.
Name of publisher, distributor, etc. Armand Colin,<br/>
Date of publication, distribution, etc. 2016.<br/>
520 ## - SUMMARY, ETC.
Summary, etc. Édition revue et augmentée du Théâtre contemporain, qui a offert une méthodologie indispensable à l’analyse des textes de théâtre contemporains, cet ouvrage est enrichi d’une analyse de pièces du XXIe siècle.Sa méthode, en réconciliant littérature et arts de la scène, permet de décrire et interpréter des textes contemporains dans leur foisonnante diversité, même lorsque leur approche a paru d’abord difficile au lecteur. Une dizaine de pièces de langue française sont ainsi étudiées et des pistes sont données pour les pièces les plus récentes.Ce livre s’adresse aux étudiants en lettres et en théâtre, aux élèves comédiens, ainsi qu’au public intéressé, mais parfois désorienté, par l’écriture dramatique d’aujourd’hui.
856 41 - ELECTRONIC LOCATION AND ACCESS
Uniform Resource Identifier <a href="https://shs.cairn.info/analyse-des-textes-dramatiques--9782200616212?lang=fr&redirect-ssocas=7080">https://shs.cairn.info/analyse-des-textes-dramatiques--9782200616212?lang=fr&redirect-ssocas=7080</a>

Pas d'exemplaire disponible.

PLUDOC

PLUDOC est la plateforme unique et centralisée de gestion des bibliothèques physiques et numériques de Guinée administré par le CEDUST. Elle est la plus grande base de données de ressources documentaires pour les Étudiants, Enseignants chercheurs et Chercheurs de Guinée.

Adresse

627 919 101/664 919 101

25 boulevard du commerce
Kaloum, Conakry, Guinée

Réseaux sociaux

Powered by Netsen Group @ 2025